Countries that Don't Recognize China - Statistics

General Stats
  • This quiz has been taken 45 times
  • The average score is 6 of 18
Answer Stats
Country % Correct
Taiwan
95%
Bhutan
77%
Nicaragua
33%
Nauru
31%
Tuvalu
31%
Belize
28%
Guatemala
28%
Honduras
28%
Palau
28%
Vatican City
28%
Marshall Islands
26%
Haiti
23%
Eswatini
18%
Kosovo
18%
Paraguay
15%
St. Kitts and Nevis
15%
St. Vincent and theGrenadines
15%
St. Lucia
13%
No matching quizzes found
Score Distribution
Percent of People with Each Score
Percentile by Number Answered
Your Score History
You have not taken this quiz